K tendenciám vývoja medzinárodného marketingu

Imperatívy a tendencie v rámci medzinárodného marketingu. Potreba nasledovať zložitý vývoj medzinárodného prostredia a špecifiká krajín, s ktorými chce podnik spolupracovať. Potreba implementovať štruktúry na základe vývoja prostredia a stratégií medzinárodného marketingu. Podnik musí postupovať na...

Descripción completa

Guardado en:
Detalles Bibliográficos
Autor principal: Urban, Eduard
Formato: Capítulo de libro
Lenguaje:eslovaco
Materias:
Etiquetas: Agregar Etiqueta
Sin Etiquetas, Sea el primero en etiquetar este registro!

MARC

LEADER 00000naa$a2200000$$$4500
001 0019140
005 20221104075812.6
041 0 |a slo 
044 |a SK 
245 1 0 |a K tendenciám vývoja medzinárodného marketingu  |c Eduard Urban 
520 |a Imperatívy a tendencie v rámci medzinárodného marketingu. Potreba nasledovať zložitý vývoj medzinárodného prostredia a špecifiká krajín, s ktorými chce podnik spolupracovať. Potreba implementovať štruktúry na základe vývoja prostredia a stratégií medzinárodného marketingu. Podnik musí postupovať na základe určitého procesu a prijať príslušné opatrenia. Strategické rozhodnutia musia byť realizované s ohľadom na zmeny v prostredí a v tendenciách stratégií marketingu. 
610 2 0 |a marketing medzinárodný 
610 2 0 |a prostredie ekonomické 
610 2 0 |a trh svetový 
610 2 0 |a stratégia marketingová 
100 1 |a Urban, Eduard